000 00296nam a2200097Ia 4500
082 _aR 082 ANDR
245 0 _aThe new Penguin dictionary of modern quotations
100 _a ANDREWS, Robert London, 2003 [New ed.]
_996658
942 _cBK
008 210817s9999 xx 000 0 und d
999 _c407053
_d407052